| 000 | 01278cam a22003255a 4500 | ||
|---|---|---|---|
| 001 | 3039451 | ||
| 005 | 20151109101754.0 | ||
| 008 | 950321s1995 enka frb f001 0 eng d | ||
| 020 | _a0521466350 (pbk.) | ||
| 020 | _a9780521466356 | ||
| 040 |
_aDLC _beng _cDLC _dDLC _dEG-ScBUE _dEG-ScBUE |
||
| 043 |
_aa-ku--- _aa-qa--- |
||
| 082 | 0 | 4 |
_a338.2728209536 _bCRY _222 |
| 100 | 1 |
_aCrystal, Jill. _938693 |
|
| 245 | 1 | 0 |
_aOil and politics in the Gulf : _brulers and merchants in Kuwait and Qatar / _cJill Crystal. |
| 250 | _a1st ed., Updated ed. | ||
| 260 |
_aCambridge ; _aNew York : _bCambridge University Press, _c1995. |
||
| 300 |
_axiv, 242 p. : _bill. ; _c23 cm. |
||
| 490 | 0 |
_aCambridge Middle East library ; _v24 |
|
| 500 | _aIndex : p. 234-240. | ||
| 504 | _aBibliography : p. 194-203. | ||
| 650 | 0 |
_aPetroleum industry and trade _xPolitical aspects _zKuwait. _2BUEsh |
|
| 650 | 0 |
_aPetroleum industry and trade _xPolitical aspects _zQatar. _2BUEsh |
|
| 650 | 0 |
_aPetroleum industry and trade _xSocial aspects _zKuwait. _2BUEsh |
|
| 650 | 0 |
_aPetroleum industry and trade _xSocial aspects _zQatar. _2BUEsh |
|
| 651 | 0 |
_aKuwait _xPolitics and government. _2BUEsh |
|
| 651 | 0 |
_aQatar _xPolitics and government. _2BUEsh |
|
| 653 |
_bBUSBOL _cSeptember2015 _cNovember2015 |
||
| 942 | _2ddc | ||
| 999 |
_c20847 _d20819 |
||